01320nab a22002417a 4500999001500000003000400015005001700019008004100036040000700077100002700084245009500111300001300206500003600219505036100255505014700616650002800763650004500791650002000836650001900856650003500875773015500910942001301065 c5742d5742OSt20260101202813.0190514b xxu||||| |||| 00| 0 spa d cPJ 96660aDonato, Tomás 10aCrímenes por odio a la identidad de género. Lecciones del caso "T." /cTomás Donato. ap. 89-95 aCita: TR LALEY AR/DOC/452/2025. aSumario: I. Introducción.— II. El odio a la identidad o expresión de género.— III. Las distinciones entre motivos y modalidades.— IV. La jurisprudencia de los Tribunales Regionales de Derechos Humanos.— V. Los hechos del caso.— VI. La dinámica de sometimiento.— VII. Medidas de reparación integral.— VIII. Consideraciones finales.  aFallo comentado: CCiv. y Com., Necochea ~ 06/09/2024 ~ V. B. D. c. F. G. S. y otros s/ daños y perj. autom. c/ les. o muerte (exc. estado). 09967aDERECHO DE FAMILIA 094305aDERECHO A LA IDENTIDAD DE GÉNERO 092913aHOMICIDIO 0aTRANSEXUALIDAD 091057aJURISPRUDENCIA APLICABLE0 0284493222dBuenos Aires : AbeledoPerrot, 1989-tDerecho de familia. Revista Interdisciplinaria de doctrina y jurisprudencia. Abril 2025-II.z18511201 2udccANA